00490ntaaa2200181 45000030003000000050017000030080021000200400037000410820017000781000027000952450022001222500010001442600043001543000010001975000057002076500022002646500022002860120251027201710.00714s1973 ag 01  aAR-BaBNbspacAR-BaBNeaacrdRIC a233.2000 C42 aCherbonnier, E. la B.  aHardness of heart a1 ed. aLondon : bVictor Gallancz Ltd, c1956 a188 p aA contemporary interpretation of the doctrine of sin ateología-pecado apecado-teología